Cagliari Calcio Squad 2021-2022 - Statistics

General Stats
  • This quiz has been taken 129 times
    99 since last reset
  • The average score is 17 of 35
Answer Stats
# Position Nation Player % Correct
28 GK Italy Alessio Cragno
93%
10 FW Italy João Pedro
93%
2 DF Uruguay Diego Godín
88%
8 MF Romania Răzvan Marin
88%
18 MF Uruguay Nahitan Nández
84%
9 FW Senegal Keita Baldé
75%
30 FW Italy Leonardo Pavoletti
75%
6 MF Croatia Marko Rog
75%
22 DF Greece Charalampos Lykogiannis
63%
4 DF Uruguay Martín Cáceres
62%
14 MF Italy Alessandro Deiola
53%
12 DF Italy Raoul Bellanova
51%
1 GK Italy Simone Aresti
51%
20 MF Uruguay Gastón Pereiro
50%
23 DF Italy Luca Ceppitelli
50%
- Coach Italy Walter Mazzarri
50%
44 DF Italy Andrea Carboni
49%
31 GK Serbia Boris Radunović
49%
25 DF Italy Gabriele Zappa
46%
66 DF Italy Matteo Lovato
43%
29 DF Brazil Dalbert
41%
15 DF Italy Giorgio Altare
40%
33 DF Slovakia Adam Obert
37%
16 MF Netherlands Kevin Strootman
37%
3 DF Italy Edoardo Goldaniga
35%
40 DF Poland Sebastian Walukiewicz
32%
27 MF Italy Alberto Grassi
28%
17 FW Brazil Diego Farias
28%
- Coach Italy Leonardo Semplici
28%
4 MF Italy Daniele Baselli
25%
21 MF Uruguay Christian Oliva
24%
32 FW Colombia Damir Ceter
22%
24 MF Italy Paolo Faragò
19%
35 MF Italy Riccardo Ladinetti
9%
19 FW Italy Luca Gagliano
4%
No matching quizzes found
Score Distribution
Percent of People with Each Score
Percentile by Number Answered
Your Score History
You have not taken this quiz since the last reset